| 000 | 01106njm a22002537a 4500 | ||
|---|---|---|---|
| 005 | 20100903123451.0 | ||
| 006 | a|||||r|||||00| 0 | ||
| 007 | sd ammalaaahaa | ||
| 008 | 100901t xxu||||| |||| 00| 0 eng d | ||
| 028 |
_aN 87538 _bHis master's voice |
||
| 035 | _aGR-234 | ||
| 040 |
_aSED _cSED |
||
| 100 |
_aRavi Shankar _917837 |
||
| 245 |
_aSitar va sarod : _cby Ravi Shankar and Ali Akbar Khan _h[sound recording] _bsarangi / |
||
| 246 | _aसितार व सरोद / रवि शंकर और अली अकबर खान | ||
| 260 |
_aDum Dum, India _bHis master's voice |
||
| 300 |
_a1 sound disc [Gramophone Recording] _banalog, 33 1/3rpm ; _c9.5 in. (MP) _fGramaphone Records |
||
| 500 | _aBrief record | ||
| 505 | _aSide-2 सितार व सरोद-सिंध भैरवी (Sitar va sarod-sindh bhairvi) (Ravi Shankar and Ali Akbar Khan) | ||
| 650 |
_aClassical music _xexcerpts _zIndia _917838 |
||
| 700 |
_917839 _aAli Akbar Khan |
||
| 942 |
_2ddc _cGR |
||
| 999 |
_c43425 _d43425 |
||